Australia's Foreign Debt Facts and Fallacies
Enregistré dans:
| Auteur principal: | |
|---|---|
| Format: | Livre |
| Langue: | anglais |
| Publié: |
Brisbane
University of Queensland
1990
|
| Édition: | 1. ed. |
| Collection: | Discussion Paper in Economics
No.34 |
| Tags: |
Pas de tags, Soyez le premier à ajouter un tag!
|
MARC
| LEADER | 00000nam a2200000 4500 | ||
|---|---|---|---|
| 001 | c028762 | ||
| 005 | 20221215113339.6 | ||
| 041 | 0 | |a eng | |
| 044 | |a AU | ||
| 245 | 1 | 0 | |a Australia's Foreign Debt |b Facts and Fallacies |c Tony Makin |
| 250 | |a 1. ed. | ||
| 264 | 1 | |a Brisbane |b University of Queensland |c 1990 | |
| 300 | |a 18 s. | ||
| 490 | 1 | |a Discussion Paper in Economics |v No.34 | |
| 830 | 0 | |a Discussion Paper in Economics |v No.34 | |
| 100 | 1 | |a Makin, Tony | |